Welcome to CU Library Online Public Access Catalogue (OPAC)

Supervision; (Record no. 5834)

MARC details
000 -LEADER
fixed length control field 00370nam a22001337a 4500
005 - DATE AND TIME OF LATEST TRANSACTION
control field 20250516182517.0
008 - FIXED-LENGTH DATA ELEMENTS--GENERAL INFORMATION
fixed length control field 250516b |||||||| |||| 00| 0 eng d
020 ## - INTERNATIONAL STANDARD BOOK NUMBER
International Standard Book Number 9788174730060
050 ## - LIBRARY OF CONGRESS CALL NUMBER
Classification number HF5549
Item number .12 BUL
100 ## - MAIN ENTRY--PERSONAL NAME
Personal name Bulin G. Judith
245 ## - TITLE STATEMENT
Title Supervision;
Remainder of title skills for managing work and leading people
260 ## - PUBLICATION, DISTRIBUTION, ETC.
Place of publication, distribution, etc. Delhi
Name of publisher, distributor, etc. A.I.T.BS.
Date of publication, distribution, etc. c2001
942 ## - ADDED ENTRY ELEMENTS (KOHA)
Source of classification or shelving scheme Library of Congress Classification
Koha item type Books
Suppress in OPAC No
999 ## -
-- 5834
-- 5834
Holdings
Withdrawn status Lost status Source of classification or shelving scheme Damaged status Not for loan Collection Home library Current library Shelving location Date acquired Total checkouts Full call number Barcode Date last seen Copy number Price effective from Koha item type
    Library of Congress Classification       Graduate Library (Christ Temple) Graduate Library (Christ Temple) General stacks 02/16/2026   HF 5549.12 BUL gsct00002550 02/16/2026   02/16/2026 Books
    Library of Congress Classification       Graduate Library (Christ Temple) Graduate Library (Christ Temple) General stacks 02/16/2026   HF 5549.12 BUL gsct00002551 02/16/2026   02/16/2026 Books
    Library of Congress Classification       Graduate Library (Christ Temple) Graduate Library (Christ Temple) General stacks 02/16/2026   HF 5549.12 BUL gsct00002552 02/16/2026   02/16/2026 Books
    Library of Congress Classification       Graduate Library (Christ Temple) Graduate Library (Christ Temple) General stacks 02/16/2026   HF 5549.12 BUL gsct00002553 02/16/2026   02/16/2026 Books
    Library of Congress Classification       Graduate Library (Christ Temple) Graduate Library (Christ Temple) General stacks 02/16/2026   HF 5549.12 BUL gsct00002554 02/16/2026   02/16/2026 Books
    Library of Congress Classification     Non-fiction Undergraduate Library (Christ Temple) Undergraduate Library (Christ Temple) General stacks 05/16/2025   HF5549.12 BUL ulct00002470 05/16/2025 1 05/16/2025 Books
© 2023-2024 Copyright: Central University Libraries. All Rights Reserved | Created by: Mahone Tech Office